Intercátedras (Registro nro. 8681)
[ vista simple ]
| 000 -LEADER | |
|---|---|
| fixed length control field | 01261nas a2200265 454500 |
| 001 - CONTROL NUMBER | |
| control field | 29919 |
| 005 - DATE AND TIME OF LATEST TRANSACTION | |
| control field | 20260407193508.0 |
| 008 - FIXED-LENGTH DATA ELEMENTS--GENERAL INFORMATION | |
| fixed length control field | 260407s2013####ag###########|||spa#d |
| 003 - CONTROL NUMBER IDENTIFIER | |
| control field | AR-UNSa-BCEJYS |
| 040 ## - CATALOGING SOURCE | |
| Original cataloging agency | AR-UNSa-BCEJYS |
| Language of cataloging | spa |
| Transcribing agency | AR-UNSa-BCEJYS |
| 080 ## - UNIVERSAL DECIMAL CLASSIFICATION NUMBER | |
| Universal Decimal Classification number | 343.2 |
| Common auxiliary subdivision | Derecho penal |
| 022 ## - INTERNATIONAL STANDARD SERIAL NUMBER | |
| International Standard Serial Number | 2314-3185 |
| 041 ## - LANGUAGE CODE | |
| Language code of text/sound track or separate title | spa |
| 100 1# - MAIN ENTRY--PERSONAL NAME | |
| Personal name | De Luca, Javier Augusto |
| 245 10 - TITLE STATEMENT | |
| Title | Intercátedras |
| Name of part/section of a work | Derecho Penal |
| 264 #1 - PRODUCTION, PUBLICATION, DISTRIBUTION, MANUFACTURE, AND COPYRIGHT NOTICE | |
| Place of production, publication, distribution, manufacture | Buenos Aires : |
| Name of producer, publisher, distributor, manufacturer | Ministerio de Justicia y Derechos Humanos de la Nación |
| Date of production, publication, distribution, manufacture, or copyright notice | 2013 |
| 310 ## - CURRENT PUBLICATION FREQUENCY | |
| Current publication frequency | Frecuencia: Anual |
| 520 ## - SUMMARY, ETC. | |
| Summary, etc. | La revista se propone reflejar la comunicación e interacción entre todos los docentes e investigadores del derecho penal y afines. El objetivo es generar un espacio para exponer ideas sobre distintos aspectos actuales del derecho penal, y se fomenten debates y discusiones enriquecedoras, buscando fortalecer los vínculos y las relaciones entre los jóvenes docentes de las distintas universidades y aquéllos con mayor experiencia. |
| 590 ## - LOCAL NOTE (RLIN) | |
| Local note | niveau_biblio:s niveau_hierar:1 |
| 650 ## - SUBJECT ADDED ENTRY--TOPICAL TERM | |
| Topical term or geographic name entry element | Derecho |
| 650 ## - SUBJECT ADDED ENTRY--TOPICAL TERM | |
| Topical term or geographic name entry element | Derecho penal |
| 700 1# - ADDED ENTRY--PERSONAL NAME | |
| Personal name | Erbetta, Daniel Aníbal |
| 856 41 - ELECTRONIC LOCATION AND ACCESS | |
| Uniform Resource Identifier | <a href="https://biblioeco.unsa.edu.ar/pmb/images/revistas/Interc?tedras-r14481.jpg">https://biblioeco.unsa.edu.ar/pmb/images/revistas/Interc?tedras-r14481.jpg</a> |
| Link text | Imagen de portada |
| Electronic format type | image/jpeg |
| 942 ## - ADDED ENTRY ELEMENTS (KOHA) | |
| Koha item type | |
| Withdrawn status | Lost status | Damaged status | Not for loan | Home library | Current library | Shelving location | Date acquired | Serial enumeration / chronology | Total checkouts | Full call number | Barcode | Date last seen | Price effective from | Koha item type |
|---|---|---|---|---|---|---|---|---|---|---|---|---|---|---|
| Biblioteca Prof. Eusebio Cleto del Rey | Biblioteca Prof. Eusebio Cleto del Rey | 01/06/2014 | Nº 2 - jun. 2014 | H343.2 INT 2 | R14481 | 10/04/2026 | 10/04/2026 | Numero |